[Event "Zagreb op"]
[Site "Zagreb"]
[Date "2006.01.14"]
[Round "1"]
[White "Biti, Ozren"]
[Black "Jankovic, Milorad"]
[Result "1-0"]
[WhiteElo "2359"]
[BlackElo "2251"]
[PlyCount "95"]
[EventDate "2006.01.14"]
[EventType "swiss"]
[EventRounds "9"]
[EventCountry "CRO"]
[SourceTitle "CBM 110 Extra"]
[Source "ChessBase"]
[SourceDate "2006.03.10"]
[SourceVersion "2"]
[SourceVersionDate "2006.03.10"]
[SourceQuality "1"]

1. e4 c5 2. Nc3 e6 3. Nf3 d6 4. g3 Nf6 5. Bg2 Nc6 6. 0-0 Be7 7. d3 0-0 8. Ng5 e5 9. f4 Bg4 10. Bf3 Bxf3 11. Nxf3 Nd4 12. fxe5 Nxf3+ 13. Qxf3 dxe5 14. Bg5 Qd7 15. Bxf6 Bxf6 16. Nd5 Be7 17. c4 Rae8 18. Qh5 Bd8 19. Rf2 g6 20. Qh6 Qg4 21. Qe3 b6 22. Raf1 h5 23. Kg2 h4 24. Qf3 Qxf3+ 25. Rxf3 Kg7 26. a3 hxg3 27. hxg3 a5 28. R1f2 Re6 29. Kf1 Rd6 30. Ke2 Rd7 31. Kd1 a4 32. Kc2 Rb7 33. Nc3 Ra7 34. Kb1 Be7 35. Nd5 Bd8 36. Ka2 Rd7 37. Rc2 Rh8 38. Nc3 Ra7 39. Rcf2 Rf8 40. Nb5 Rd7 41. b3 axb3+ 42. Kxb3 Bg5 43. Nc3 Ra7 44. Nd5 Rfa8 45. Ra2 Bd8 46. g4 Rd7 47. Rf1 Rd6 48. Rh2 1-0

[Event "Hlohovec op"]
[Site "Hlohovec"]
[Date "1995.??.??"]
[Round "?"]
[White "Bulla, Peter"]
[Black "Jankovic, Milorad"]
[Result "1-0"]
[WhiteElo "2020"]
[BlackElo "2235"]
[PlyCount "63"]
[EventDate "1995.??.??"]
[EventType "swiss"]
[EventRounds "9"]
[EventCountry "SVK"]
[SourceTitle "EXT 1997"]
[Source "ChessBase"]
[SourceDate "1996.11.15"]
[SourceVersion "1"]
[SourceVersionDate "1996.11.15"]
[SourceQuality "1"]

1. c4 Nf6 2. d4 g6 3. Nc3 d5 4. Nf3 Bg7 5. cxd5 Nxd5 6. e4 Nxc3 7. bxc3 c5 8. Qa4+ Bd7 9. Qb3 Qc7 10. Bb2 0-0 11. Be2 Nc6 12. 0-0 Na5 13. Qd1 b5 14. Bc1 Rfd8 15. e5 Bc6 16. Bf4 Rac8 17. Rb1 a6 18. Ng5 h6 19. Nxf7 Rf8 20. Bg3 Qb7 21. e6 Bxg2 22. Qc2 Be4 23. Bd3 Bxd3 24. Qxd3 Kh7 25. d5 Rcd8 26. Rfd1 Qc8 27. Bf4 Nc4 28. Qe4 Rxf7 29. exf7 Qg4+ 30. Kh1 e5 31. Rg1 Qxf4 32. Qxg6+ 1-0